| 000 | 00988nam a22002897a 4500 | ||
|---|---|---|---|
| 005 | 20150124123916.0 | ||
| 008 | 121017t mx||||| |||| 00| 0 spa d | ||
| 020 | _a9681804953 (E.O.) | ||
| 020 | _a9681823915 (E.C) | ||
| 020 | _a9681823877 (V.1) | ||
| 020 | _a9681823885 (V.2) | ||
| 020 | _a9681823893 (V.3) | ||
| 020 | _a9681823907 (V.4) | ||
| 050 | 0 | 4 |
_aTD353 _bM36 1988 |
| 100 | 1 | _aPowell, Sheppard T. | |
| 245 | 1 |
_aManual de Aguas para usos Industriales/ _cSheppard T. Powell; tr. Salvador Ayanegui J.; rev. tec. Nicolás Marino Ambrossi |
|
| 250 | _a1a ed. | ||
| 260 |
_aMéxico: _bEdiciones Ciencia y Técnica, _cr1988 |
||
| 300 |
_av.: _bill.; _c23 cm. |
||
| 500 | _aTraducción de: Water Conditioning for Industry | ||
| 504 | _aIncluye bibliografía | ||
| 650 | 7 |
_2LEMB _aAgua-Manual _vConservación |
|
| 650 | 7 |
_2LEMB _aAgua _xAbastecimieno Industrial |
|
| 700 | 1 | _aAyanegui J., Salvador; tr. | |
| 700 | 1 | _aMarino Ambrossi, Nicolás; rev. tec. | |
| 942 |
_2ddc _cLIB |
||
| 999 |
_c33890 _d33890 |
||